Follow that Line: Only Fools and Horses Quiz Stats

 Plays Quiz not verified by Sporcle

Score 0/50 Timer 15:00
0 Plays Today
% Correct
And if it's a boy they're gonna name it Rodney, after Dave.
89.5%
Nah! No No No...they think you're 14
88%
Well I've got a pair of Aces...and another pair of Aces
87%
This time last WEEK we were millionaires!
86.8%
Men are from Peckham
85.9%
We'll call you Lord Rodney
85.7%
Knowing my luck I'll come back as me
84.7%
But how the hell am I going to persuade them my grandad was Louis Armstrong!
82.3%
I've had many old dogs in my time
81.5%
She must've spent her final few hours in this mortal realm doing nothing but rabbiting!
80.9%
Now we know your name, your address and your mother's shoe size
80.3%
God knows what that would've made Grandad - the Fairy Godmother I should think!
79.7%
So no Rodney, you are nothing like him
76.1%
It's the karaoke version.
74.8%
Oh yeah, and he wears a deaf aid.
74.6%
He died a couple of years before I was born.
74.2%
Yeah I noticed the bruising around your head
72.2%
What had they fitted him up with?
71.8%
Well why don't you try the boot menders!
71.4%
Well that's one hell of a parting you got there son
71.3%
Well you'll have to wait til the morning 'cos they'll be closed now!
71.2%
and Charlton Heston suspects the butler!
70.5%
Shut Up!
70.5%
One night it was so cold the flame on my lighter froze
70%
No, no, it's alright 'cos I'm a doctor
69.9%
% Correct
Del, desperate men on the run don't pop home to borrow a tin opener
69.3%
But we all know what happened to that poor old cow
68.8%
or can I just call you Great?
68.4%
Lager's off!
67.7%
No it ain't, I've looked!
67.5%
Standing up there on top of a glacier mint
66.5%
You can say that again bruv!
66%
What you got, a Wendy House?
65.9%
Do me a favour, he's still struggling with light switches!
64.7%
It's what's technically known as 'knackered'.
63.7%
Act your age
62.5%
It's from Mike at The Nags Head
62.1%
Trigger still doesn't know which end of the dart to throw
61.7%
What in, matt or vinyl?
61.5%
And I've never felt sodding pain like that in all my life
60.3%
But he only left Tuesday
59.2%
Something serious I hope!
59.1%
Let the dog see the rabbit
57.5%
The bigger the banana the better
55.1%
No? What are you doing then, an impression?!
52.5%
And I lost my dolphin!
49.3%
Who's Rachel?
47.5%
Did you drop it Del?
39.7%
He might've hit his head and got percussion!
37.2%
You know how much I've spent on that garden!
34.5%

You're not logged in!

Compare scores with friends on all Sporcle quizzes.
OR
Log In

Show Comments

Extras

Top Quizzes Today


Score Distribution

Your Account Isn't Verified!

In order to create a playlist on Sporcle, you need to verify the email address you used during registration. Go to your Sporcle Settings to finish the process.

Report this User

Report this user for behavior that violates our Community Guidelines.

Details: